Statistics for Name that Writing System!

Click here to take the quiz!

General Stats

  • This quiz has been taken 43 times
  • The average score is 16 of 31

Answer Stats

Answer% Correct
Greek
100%
Latin
97%
Hebrew
95%
Arabic
89%
Hanzi/Kanji/Chinese
89%
Armenian
84%
Hieroglyphic/Egyptian
84%
Cyrillic
81%
Katakana/Japanese
78%
Mongolian
78%
Georgian
76%
Hangul
68%
Mayan/Aztec
68%
Amharic
59%
Mon Burmese
59%
Phoenician
59%
Cuneiform
51%
Gothic
49%
Runic
43%
Turkic Runes
41%
Old Church Slavonic
35%
Rongorongo
30%
Etruscan
16%
Inuktitut
16%
Tifinagh
14%
Brahmi
8%
Baybayin
5%
Devangari
5%
Harrapa/Indus Valley
3%
Pallava
3%
Uchen
3%

Score Distribution

Percentile by Number Answered

Percent of People with Each Score

Your Score History

You have not taken this quiz